000 00603nam a2200181 a 4500
001 000036242
005 20200930075629.0
008 120111s1996 sp 000 0 spa d
020 _a8430600396
040 _aDO-SdBNP
_bspa
_cBNPHU
082 _axxx
_bS699e
100 1 _aSontag, Susan
_962325
240 1 0 _aIllness as metaphor Aids its metaphors
_lespañol
245 1 4 _aLa enfermedad y sus metáforas y el sida y sus metáforas /
_cSusan Sontag ; traducción Mario Muchnik.
260 _aMadrid :
_bTaurus ;
_bSantillana,
_c1996.
300 _a176 p. ;
_c22 cm.
700 1 _aMuchnik, Mario,
_etr.
_962326
999 _c35733
_d35733